000 00330 a2200157 4500
001 189168
020 _a960-7955-58-7
040 _cMagnum
100 _aMitchell, H Q
240 1 0 _aLisa goes to london
_lING
245 1 0 _aLisa goes to london
300 _a23
362 0 _a1998
697 _aLITERATURA INGLESA
942 _cBK
999 _c189168
_d189168